| 000 | 01112cam a2200229 4500 | ||
|---|---|---|---|
| 001 | WB3843-13 | ||
| 008 | 021119n2002 000 0 eng u | ||
| 035 | _a(Sirsi) u120498 | ||
| 245 | _aNew guide to siting mobile phone masts | ||
| 260 | _c2002 | ||
| 490 |
_aODPM News Release _v(120) 11 November 2002, (3) |
||
| 520 | _aA new code of best practice for the siting of mobile phone masts has been produced jointly by central and local government and the mobile phone industry. The code builds on the revised planning arrangements introduced in August 2001 with the emphasis on greater consultation between councils, communities and mobile phone operators. The code is available at http://www.planning.odpm.gov.uk/telecomms/index.htm ODPM News Release htttp://www.odpm.gov.uk/news/0211/0120.htm | ||
| 590 | _aWB | ||
| 650 | _aMOBILE PHONE MASTS | ||
| 650 | _aMOBILE PHONES | ||
| 650 | _aPLANNING APPLICATIONS | ||
| 650 | _aTELECOMMUNICATIONS | ||
| 650 | _aCODE OF BEST PRACTICE | ||
| 650 | _aLOCAL AUTHORITIES | ||
| 690 | _aENVIRONMENTAL AND LAND CONSULTANCY-PLANNING AND DEVELOPMENT | ||
| 942 | _n0 | ||
| 999 |
_c71583 _d71583 |
||